LEADER 00982nam 2200325 450 001 990003050680203316 005 20080117171556.0 010 $a978-0-19-921613-0 035 $a000305068 035 $aUSA01000305068 035 $a(ALEPH)000305068USA01 035 $a000305068 100 $a20080117d2006----km-y0itay50------ba 101 $aita 102 $aIT 105 $a||||||||001yy 200 1 $a<> religion of the Mithras cult in the roman empire$emysteries of unconquered sun$fRoger Beck 210 $aOxford$cOxford university press$dcopyr. 2006 215 $aXII, 285 p.$d24 cm 606 0 $aMitra $xCulto 676 $a299.15 700 1$aBECK,$bRoger$0167146 801 0$aIT$bsalbc$gISBD 912 $a990003050680203316 951 $aII.2. 4787$b202872 LM$cII.2.$d00066335 959 $aBK 969 $aUMA 979 $aSENATORE$b90$c20080117$lUSA01$h1715 996 $aReligion of the Mithras cult in the Roman Empire$985758 997 $aUNISA LEADER 01119nam0 22002891i 450 001 UON00071352 005 20231205102352.266 010 $a09-474-3309-0 100 $a20020107d1990 |0itac50 ba 101 $aeng 102 $aZA 105 $a|||| ||||| 200 1 $aˆThe ‰zanzibarian challenge$eSwahili prose in the years 1975-1981$fRajmund Ohly 210 $aWindhoek$cThe Academy$dc.1990 215 $aviii,186 p.$d21 cm 410 1$1001UON00066206$12001 $aAfrican studies of the Academy$vvol.3 606 $aLetteratura swahili$xCritica$3UONC018916$2FI 620 $dWindhoek$3UONL001983 676 $a896.39209$cLETTERATURA SWAHILI - Storia e critica$v21 700 1$aOHLY$bRajmund$3UONV043984$0657856 712 $aAcademy Editions$3UONV246954$4650 801 $aIT$bSOL$c20251107$gRICA 899 $aSIBA - SISTEMA BIBLIOTECARIO DI ATENEO$2UONSI 912 $aUON00071352 950 $aSIBA - SISTEMA BIBLIOTECARIO DI ATENEO$dSI LETT S b 013 $eSI AA 15511 5 013 996 $aZanzibarian challenge$91160487 997 $aUNIOR